| 000 | 00524nam a2200145Ia 4500 | ||
|---|---|---|---|
| 008 | 170221s9999 xx 000 0 und d | ||
| 100 | _aButler, Thomas H. | ||
| 245 | 2 | _aA generation lost: the reality of age discrimination in today’s hiring practices | |
| 245 | _cThomas H. Butler, Alvernia University; Beth A. Berret, Alvernia University. | ||
| 260 | _bJournal of Management and Marketing Research | ||
| 260 | _c2012 | ||
| 300 | _a32 : 1 | ||
| 650 | _xBusiness | ||
| 856 | _uhttp://www.aabri.com/manuscripts/11981.pdf | ||
| 999 |
_c311173 _d311173 |
||